000 00340nam a2200145Ia 4500
008 230718s9999 xx 000 0 und d
041 _aEng.
082 _a347.123
_bAUL-C
100 _aAulakh, Dr. Abdul
245 0 _aCrime and criminology
260 _aPakistan
_bFedral Law House
_c2005
300 _a515
650 _aLaw
999 _c29822
_d29822